Colección legislativa de España Jurisprudencia social. (Record no. 2459)
[ view plain ]
| 000 -LEADER | |
|---|---|
| campo de control de longitud fija | 00930nas a22002771i#4500 |
| 001 - NÚMERO DE CONTROL | |
| campo de control | 2459 |
| 003 - IDENTIFICADOR DE NÚMERO DE CONTROL | |
| campo de control | ES-MaACL |
| 005 - FECHA Y HORA DE LA ÚLTIMA TRANSACCIÓN | |
| campo de control | 20250808231727.0 |
| 007 - CAMPO FIJO DE DESCRIPCIÓN FÍSICA--INFORMACIÓN GENERAL | |
| campo de control de longitud fija | t| |
| 008 - DATOS DE LONGITUD FIJA--INFORMACIÓN GENERAL | |
| campo de control de longitud fija | 950801m1932 sp | | 1 ||pa d |
| 022 ## - NÚMERO INTERNACIONAL NORMALIZADO PARA PUBLICACIONES SERIADAS | |
| Número Internacional Normalizado para Publicaciones Seriadas | 0212-1387 |
| 080 ## - NÚMERO DE LA CLASIFICACIÓN DECIMAL UNIVERSAL | |
| Número de la Clasificación Decimal Universal | 369:351.84(460)(094.9) |
| 080 ## - NÚMERO DE LA CLASIFICACIÓN DECIMAL UNIVERSAL | |
| Número de la Clasificación Decimal Universal | 351.83(460)(094.9) |
| 245 00 - MENCIÓN DEL TÍTULO | |
| Título | Colección legislativa de España Jurisprudencia social. |
| 260 ## - PUBLICACIÓN, DISTRIBUCIÓN, ETC. | |
| Lugar de publicación, distribución, etc. | Madrid : |
| Nombre del editor, distribuidor, etc. | Reus, |
| Fecha de publicación, distribución, etc. | 1932- |
| 300 ## - DESCRIPCIÓN FÍSICA | |
| Extensión | 23 v. ; |
| Dimensiones | 23 cm. |
| 310 ## - PERIODICIDAD ACTUAL | |
| Periodicidad actual | Bimestral |
| 362 #0 - FECHAS DE PUBLICACIÓN Y/O DESIGNACIÓN SECUENCIAL | |
| Fecha de publicación y/o designación secuencial | T. 1 (1931)- |
| 580 ## - NOTA DE RELACIÓN COMPLEJA | |
| Nota de relación compleja | Continuada por: España. Tribunal Supremo. Sala de lo Social. Jurisprudencia del Tribunal Supremo. Sala Sexta de lo Social. |
| 650 #4 - PUNTO DE ACCESO ADICIONAL DE MATERIA--TÉRMINO DE MATERIA | |
| Término de materia o nombre geográfico como elemento de entrada | Derecho laboral- |
| Subdivisión geográfica | España- |
| Subdivisión de forma | Jurisprudencia. |
| 9 (RLIN) | 143304 |
| 650 #4 - PUNTO DE ACCESO ADICIONAL DE MATERIA--TÉRMINO DE MATERIA | |
| Término de materia o nombre geográfico como elemento de entrada | Derecho de la seguridad social- |
| Subdivisión geográfica | España |
| 9 (RLIN) | 11696 |
| 785 00 - ENTRADA/ENLACE A UN TÍTULO POSTERIOR | |
| Título | Jurisprudencia del Tribunal Supremo. Sala Sexta de lo Social |
| 852 ## - LOCALIZACIÓN | |
| Ubicación | ES-MaACL |
| Número de control de estantería | Hem-514 |
| 866 #1 - MENCIÓN TEXTUAL DE FONDOS--UNIDAD BIBLIOGRÁFICA BÁSICA | |
| Fondos | 1931-36. |
| Estatus retirado | Estado de pérdida | Estado de daño | No para préstamo | Colección | Biblioteca de origen | Biblioteca actual | Ubicación en estantería | Fecha de adquisición | Fuente de adquisición | Total de préstamos | Signatura topográfica completa | Código de barras | Visto por última vez | Precio de reemplazo | Tipo de ítem Koha |
|---|---|---|---|---|---|---|---|---|---|---|---|---|---|---|---|
| Periódicos y Revistas | Biblioteca del Ateneo de Madrid | Biblioteca del Ateneo de Madrid | Depósito 1 | 17/01/2008 | Hem-514 | 1002501 | 23/02/2023 | 23/02/2023 | Revista |
